000 00677nam a2200193 a 4500
005 20140412111407.0
008 061206s19uu xx 00 eng d
020 _a0-439-22244-3
050 _aTR(GS 372.4
_bFra837 2002
100 _aFranzese, Rosalie
245 _aReading and writing in kindergarten /
_cRosalie Franzese.
260 _aU.S.A :
_bScholastic,
_c2002.
300 _a160p.
500 _aA practical guide
520 _aLessons and strategies that help young learners develop literacy skills through shared reading, guided reading, Interactive writing,Read alouds, and more
650 _aInteractive writing
650 _aShared reading
999 _c105584
_d105584